| 000 | 01027cam a22003138a 4500 | ||
|---|---|---|---|
| 999 |
_c10464 _d10464 |
||
| 001 | 12109051 | ||
| 003 | OSt | ||
| 005 | 20191223145348.0 | ||
| 008 | 000717s2000 enk b 001 0 eng | ||
| 010 | _a 00059814 | ||
| 020 | _a0198290624 (pbk.) | ||
| 020 | _a9780198290629 | ||
| 040 | _coclc | ||
| 042 | _apcc | ||
| 050 | 0 | 0 |
_aHG220.A2 _bL488 2000 |
| 082 | 0 | 0 |
_a332.4 _221 _bLEW/M |
| 100 |
_aLewis, Mervyn K _9660 |
||
| 245 | 1 | 0 |
_aMonetary economics / _cMervyn K Lewis ; Paul D Mizen |
| 260 |
_aOxford, England ; _aNew York : _bOxford University Press, _c2000. |
||
| 263 | _a0008 | ||
| 300 | _a473p | ||
| 504 | _aIncludes bibliographical references and indexes. | ||
| 650 | 0 | _aMoney. | |
| 650 | 0 | _aMonetary policy. | |
| 700 | 1 |
_aMizen, Paul _9693 |
|
| 906 |
_a7 _brix _corignew _d1 _eocip _f20 _gy-gencatlg |
||
| 942 |
_2ddc _cBK _h332.4 _iLEW/M _k332.4 _mLEW/M |
||